TOP 1000 Greatest Celtics Seasons - Statistics

General Stats
  • This quiz has been taken 47 times
  • The average score is 346 of 1002
Answer Stats
RANK PLAYER PSP SEASON POS % Correct
1 Larry Bird 5411 1985 SF
100%
2 Larry Bird 5324 1987 SF
100%
3 Larry Bird 5229 1986 SF
100%
4 Larry Bird 5194 1984 PF
100%
5 Larry Bird 4941 1988 SF
100%
9 Larry Bird 4635 1981 PF
100%
23 Larry Bird 4239 1982 PF
100%
25 Larry Bird 4168 1983 PF
100%
29 Larry Bird 4089 1990 SF
100%
37 Larry Bird 3932 1980 PF
100%
102 Larry Bird 3090 1991 SF
100%
257 Larry Bird 2137 1992 SF
100%
920 Larry Bird 222 1989 SF
100%
7 Jayson Tatum 4692 2023 SF
97%
11 Jayson Tatum 4569 2022 SF
97%
16 Jayson Tatum 4364 2024 PF
97%
72 Jayson Tatum 3371 2020 PF
97%
95 Jayson Tatum 3133 2021 SF
97%
183 Jayson Tatum 2482 2018 SF
97%
193 Jayson Tatum 2445 2019 SF
97%
863 Jayson Tatum 304 2025 SF
97%
6 Bill Russell 4732 1962 C
94%
10 Bill Russell 4570 1963 C
94%
13 Bill Russell 4452 1965 C
94%
14 Bill Russell 4448 1966 C
94%
17 Bill Russell 4335 1960 C
94%
18 Bill Russell 4329 1964 C
94%
19 Bill Russell 4312 1961 C
94%
27 Bill Russell 4112 1967 C
94%
33 Bill Russell 4048 1968 C
94%
38 Bill Russell 3780 1959 C
94%
40 Bill Russell 3754 1969 C
94%
56 Bill Russell 3515 1958 C
94%
226 Bill Russell 2272 1957 C
94%
201 Dee Brown 2389 1994 SG
94%
204 Dee Brown 2385 1995 SG
94%
224 Dee Brown 2299 1993 PG
94%
284 Dee Brown 1957 1991 PG
94%
458 Dee Brown 1215 1996 PG
94%
553 Dee Brown 937 1992 PG
94%
741 Dee Brown 498 1998 SG
94%
809 Dee Brown 380 1997 PG
94%
51 Jaylen Brown 3538 2023 SF
94%
65 Jaylen Brown 3440 2022 SF
94%
75 Jaylen Brown 3341 2024 SF
94%
191 Jaylen Brown 2454 2020 SG
94%
227 Jaylen Brown 2271 2021 SG
94%
248 Jaylen Brown 2174 2018 SG
94%
327 Jaylen Brown 1783 2019 SG
94%
509 Jaylen Brown 1071 2017 SF
94%
895 Jaylen Brown 255 2025 SF
94%
810 Kedrick Brown 378 2003 SF
94%
899 Kedrick Brown 247 2004 SF
94%
951 Kedrick Brown 174 2002 SF
94%
855 P.J. Brown 311 2008 PF
94%
648 Randy Brown 702 2001 PG
94%
42 Kevin Garnett 3711 2008 PF
92%
156 Kevin Garnett 2668 2010 PF
92%
163 Kevin Garnett 2610 2012 C
92%
181 Kevin Garnett 2485 2011 PF
92%
243 Kevin Garnett 2203 2013 C
92%
325 Kevin Garnett 1803 2009 PF
92%
24 Paul Pierce 4182 2002 SG
92%
32 Paul Pierce 4049 2003 SG
92%
39 Paul Pierce 3758 2008 SF
92%
52 Paul Pierce 3537 2006 SF
92%
57 Paul Pierce 3508 2004 SG
92%
61 Paul Pierce 3477 2005 SF
92%
77 Paul Pierce 3306 2001 SF
92%
81 Paul Pierce 3291 2009 SF
92%
114 Paul Pierce 2992 2013 SF
92%
117 Paul Pierce 2953 2010 SF
92%
125 Paul Pierce 2890 2011 SF
92%
139 Paul Pierce 2812 2012 SF
92%
186 Paul Pierce 2479 2000 SF
92%
304 Paul Pierce 1899 2007 SG
92%
397 Paul Pierce 1462 1999 SF
92%
8 John Havlicek 4685 1972 SF
89%
20 John Havlicek 4282 1971 SF
89%
30 John Havlicek 4073 1974 SF
89%
31 John Havlicek 4060 1969 SG
89%
34 John Havlicek 4004 1973 SF
89%
36 John Havlicek 3955 1968 SG
89%
43 John Havlicek 3695 1970 SG
89%
63 John Havlicek 3455 1975 SF
89%
88 John Havlicek 3197 1967 SF
89%
112 John Havlicek 3029 1977 SF
89%
128 John Havlicek 2872 1966 SF
89%
145 John Havlicek 2763 1964 SF
89%
158 John Havlicek 2658 1976 SF
89%
177 John Havlicek 2512 1965 SG
89%
195 John Havlicek 2422 1978 SF
89%
233 John Havlicek 2249 1963 SF
89%
26 Kevin McHale 4130 1987 PF
89%
58 Kevin McHale 3503 1985 PF
89%
84 Kevin McHale 3274 1986 PF
89%
98 Kevin McHale 3128 1988 PF
89%
100 Kevin McHale 3107 1990 PF
89%
108 Kevin McHale 3053 1984 PF
89%
116 Kevin McHale 2964 1989 PF
89%
176 Kevin McHale 2513 1991 PF
89%
196 Kevin McHale 2403 1982 PF
89%
225 Kevin McHale 2286 1983 PF
89%
336 Kevin McHale 1726 1981 PF
89%
363 Kevin McHale 1612 1992 PF
89%
398 Kevin McHale 1461 1993 PF
89%
366 Amir Johnson 1604 2016 PF
86%
420 Amir Johnson 1361 2017 PF
86%
775 Christapher Johnson 440 2014 SF
86%
45 Dennis Johnson 3596 1987 PG
86%
46 Dennis Johnson 3588 1985 PG
86%
89 Dennis Johnson 3186 1988 PG
86%
91 Dennis Johnson 3163 1986 PG
86%
137 Dennis Johnson 2829 1984 SG
86%
277 Dennis Johnson 2003 1989 PG
86%
289 Dennis Johnson 1940 1990 PG
86%
928 JaJuan Johnson 203 2012 PF
86%
680 Joe Johnson 633 2002 SG
86%
670 Rich Johnson 652 1970 C
86%
978 Rich Johnson 139 1969 C
86%
54 Robert Parish 3534 1984 C
86%
59 Robert Parish 3492 1987 C
86%
62 Robert Parish 3475 1982 C
86%
68 Robert Parish 3411 1981 C
86%
76 Robert Parish 3336 1985 C
86%
99 Robert Parish 3118 1989 C
86%
105 Robert Parish 3063 1986 C
86%
107 Robert Parish 3054 1983 C
86%
160 Robert Parish 2641 1991 C
86%
170 Robert Parish 2548 1988 C
86%
175 Robert Parish 2519 1990 C
86%
197 Robert Parish 2392 1992 C
86%
253 Robert Parish 2143 1993 C
86%
343 Robert Parish 1710 1994 C
86%
41 Bob Cousy 3716 1960 PG
83%
74 Bob Cousy 3367 1955 PG
83%
78 Bob Cousy 3298 1959 PG
83%
82 Bob Cousy 3287 1956 PG
83%
83 Bob Cousy 3275 1961 PG
83%
87 Bob Cousy 3202 1953 PG
83%
92 Bob Cousy 3138 1962 PG
83%
109 Bob Cousy 3047 1954 PG
83%
111 Bob Cousy 3033 1957 PG
83%
126 Bob Cousy 2879 1952 PG
83%
132 Bob Cousy 2848 1958 PG
83%
155 Bob Cousy 2673 1963 PG
83%
221 Bob Cousy 2301 1951 PG
83%
35 Isaiah Thomas 3994 2017 PG
83%
67 Isaiah Thomas 3416 2016 PG
83%
598 Isaiah Thomas 823 2015 PG
83%
22 Rajon Rondo 4266 2010 PG
83%
55 Rajon Rondo 3531 2009 PG
83%
90 Rajon Rondo 3183 2012 PG
83%
106 Rajon Rondo 3059 2011 PG
83%
134 Rajon Rondo 2834 2008 PG
83%
354 Rajon Rondo 1653 2013 PG
83%
383 Rajon Rondo 1523 2007 PG
83%
484 Rajon Rondo 1144 2014 PG
83%
585 Rajon Rondo 861 2015 PG
83%
147 Ray Allen 2749 2008 SG
83%
154 Ray Allen 2684 2010 SG
83%
161 Ray Allen 2635 2009 SG
83%
203 Ray Allen 2386 2011 SG
83%
412 Ray Allen 1393 2012 SG
83%
911 John Thomas 232 1998 PF
81%
528 Tony Allen 1004 2008 SG
81%
536 Tony Allen 981 2005 SG
81%
556 Tony Allen 933 2010 SG
81%
649 Tony Allen 698 2009 SG
81%
657 Tony Allen 683 2006 PG
81%
660 Tony Allen 676 2007 SG
81%
954 Damon Jones 171 1999 PG
78%
804 Johnny Jones 390 1968 SF
78%
918 Jumaine Jones 223 2004 SG
78%
214 K.C. Jones 2330 1966 PG
78%
252 K.C. Jones 2149 1965 PG
78%
263 K.C. Jones 2076 1964 PG
78%
274 K.C. Jones 2011 1962 PG
78%
348 K.C. Jones 1679 1967 PG
78%
358 K.C. Jones 1638 1963 PG
78%
401 K.C. Jones 1451 1961 PG
78%
469 K.C. Jones 1187 1960 PG
78%
746 K.C. Jones 485 1959 PG
78%
977 Popeye Jones 141 1999 PF
78%
70 Sam Jones 3385 1965 SG
78%
115 Sam Jones 2970 1966 SG
78%
123 Sam Jones 2896 1968 SG
78%
135 Sam Jones 2832 1962 SG
78%
136 Sam Jones 2831 1963 SG
78%
151 Sam Jones 2708 1967 SG
78%
169 Sam Jones 2551 1964 SG
78%
232 Sam Jones 2255 1961 SG
78%
242 Sam Jones 2204 1969 SG
78%
345 Sam Jones 1687 1960 SG
78%
368 Sam Jones 1601 1959 SG
78%
711 Sam Jones 557 1958 SG
78%
121 Derrick White 2926 2024 SG
75%
174 Derrick White 2524 2023 SG
75%
526 Derrick White 1011 2022 SG
75%
939 Derrick White 195 2025 SG
75%
47 Jo Jo White 3581 1976 PG
75%
49 Jo Jo White 3561 1973 PG
75%
53 Jo Jo White 3536 1972 PG
75%
60 Jo Jo White 3483 1977 PG
75%
64 Jo Jo White 3451 1974 PG
75%
80 Jo Jo White 3292 1975 PG
75%
152 Jo Jo White 2699 1971 PG
75%
431 Jo Jo White 1335 1978 PG
75%
462 Jo Jo White 1203 1979 PG
75%
468 Jo Jo White 1188 1970 PG
75%
260 Kristaps Porzingis 2086 2024 C
75%
167 Jrue Holiday 2578 2024 PG
72%
985 Jrue Holiday 133 2025 PG
72%
28 Antoine Walker 4108 2002 PF
69%
44 Antoine Walker 3688 2001 PF
69%
66 Antoine Walker 3424 1998 PF
69%
69 Antoine Walker 3393 2003 PF
69%
101 Antoine Walker 3091 2000 PF
69%
131 Antoine Walker 2858 1997 PF
69%
389 Antoine Walker 1494 1999 PF
69%
543 Antoine Walker 967 2005 PF
69%
393 Art Williams 1481 1972 PG
69%
508 Art Williams 1074 1973 PG
69%
518 Art Williams 1031 1971 PG
69%
613 Art Williams 776 1974 PG
69%
638 Brady Walker 726 1950 PF
69%
93 Danny Ainge 3136 1988 SG
69%
143 Danny Ainge 2769 1987 SG
69%
149 Danny Ainge 2729 1985 SG
69%
165 Danny Ainge 2585 1986 SG
69%
330 Danny Ainge 1758 1983 SG
69%
424 Danny Ainge 1351 1989 PG
69%
510 Danny Ainge 1063 1984 SG
69%
701 Danny Ainge 577 1982 SG
69%
12 Dave Cowens 4458 1974 C
69%
15 Dave Cowens 4415 1976 C
69%
21 Dave Cowens 4276 1973 C
69%
48 Dave Cowens 3570 1972 C
69%
50 Dave Cowens 3561 1975 C
69%
71 Dave Cowens 3384 1978 C
69%
110 Dave Cowens 3045 1971 C
69%
182 Dave Cowens 2482 1977 C
69%
199 Dave Cowens 2390 1979 C
69%
236 Dave Cowens 2248 1980 C
69%
883 Earl Williams 272 1979 C
69%
333 Eric Williams 1750 1997 SG
69%
346 Eric Williams 1684 2003 SF
69%
450 Eric Williams 1262 2002 SF
69%
496 Eric Williams 1109 1996 SF
69%
514 Eric Williams 1043 2001 SF
69%
574 Eric Williams 891 2000 SF
69%
793 Eric Williams 411 2004 SF
69%
388 Grant Williams 1494 2023 PF
69%
390 Grant Williams 1489 2022 PF
69%
644 Grant Williams 709 2020 PF
69%
650 Grant Williams 697 2021 PF
69%
964 Henry Walker 155 2009 SF
69%
168 Kemba Walker 2571 2020 PG
69%
367 Kemba Walker 1601 2021 PG
69%
73 Kyrie Irving 3370 2019 PG
69%
202 Kyrie Irving 2387 2018 PG
69%
645 Ray Williams 708 1985 PG
69%
286 Robert Williams 1947 2022 C
69%
477 Robert Williams 1157 2021 C
69%
502 Robert Williams 1085 2023 C
69%
731 Robert Williams 517 2020 C
69%
906 Robert Williams 236 2019 C
69%
603 Shammond Williams 802 2003 PG
69%
769 Shelden Williams 450 2010 PF
69%
884 Terrence Williams 271 2013 SF
69%
140 Marcus Smart 2798 2022 PG
67%
184 Marcus Smart 2480 2017 SG
67%
205 Marcus Smart 2384 2023 PG
67%
238 Marcus Smart 2233 2020 SG
67%
328 Marcus Smart 1777 2019 SG
67%
332 Marcus Smart 1750 2018 SG
67%
359 Marcus Smart 1634 2021 PG
67%
404 Marcus Smart 1442 2016 PG
67%
429 Marcus Smart 1340 2015 PG
67%
291 Bill Walton 1926 1986 C
64%
950 Bill Walton 175 1987 C
64%
677 Shaquille O'Neal 634 2011 C
64%
127 Al Horford 2879 2018 C
61%
133 Al Horford 2841 2017 C
61%
173 Al Horford 2529 2022 C
61%
198 Al Horford 2391 2019 C
61%
292 Al Horford 1925 2023 C
61%
319 Al Horford 1829 2024 C
61%
743 Charles E. Smith IV 494 1990 PG
58%
921 Garfield Smith 219 1971 C
58%
999 Garfield Smith 118 1972 PF
58%
801 Jermaine O'Neal 397 2011 C
58%
837 Jermaine O'Neal 331 2012 C
58%
690 Michael Smith 613 1990 PF
58%
815 Michael Smith 372 1991 PF
58%
97 Reggie Lewis 3130 1992 SG
58%
129 Reggie Lewis 2869 1991 SG
58%
138 Reggie Lewis 2826 1993 SG
58%
162 Reggie Lewis 2613 1989 SF
58%
189 Reggie Lewis 2467 1990 SG
58%
784 Reggie Lewis 424 1988 SG
58%
119 Cedric Maxwell 2937 1979 SF
56%
124 Cedric Maxwell 2896 1980 SF
56%
130 Cedric Maxwell 2863 1981 SF
56%
180 Cedric Maxwell 2486 1982 SF
56%
192 Cedric Maxwell 2445 1984 SF
56%
267 Cedric Maxwell 2035 1983 SF
56%
444 Cedric Maxwell 1278 1985 SF
56%
483 Cedric Maxwell 1144 1978 SF
56%
265 Kendrick Perkins 2063 2010 C
53%
266 Kendrick Perkins 2042 2009 C
53%
341 Kendrick Perkins 1719 2008 C
53%
522 Kendrick Perkins 1022 2006 C
53%
529 Kendrick Perkins 1003 2007 C
53%
781 Kendrick Perkins 431 2005 C
53%
922 Kendrick Perkins 216 2011 C
53%
79 Tom Heinsohn 3292 1962 PF
53%
85 Tom Heinsohn 3229 1960 PF
53%
120 Tom Heinsohn 2929 1961 PF
53%
157 Tom Heinsohn 2666 1963 PF
53%
164 Tom Heinsohn 2589 1959 PF
53%
172 Tom Heinsohn 2532 1958 PF
53%
179 Tom Heinsohn 2488 1957 PF
53%
200 Tom Heinsohn 2389 1964 PF
53%
298 Tom Heinsohn 1907 1965 SF
53%
96 Tiny Archibald 3132 1981 PG
50%
103 Tiny Archibald 3077 1980 PG
50%
215 Tiny Archibald 2324 1982 PG
50%
323 Tiny Archibald 1813 1983 PG
50%
375 Tiny Archibald 1572 1979 PG
50%
187 Bill Sharman 2475 1957 SG
47%
190 Bill Sharman 2454 1956 SG
47%
194 Bill Sharman 2429 1959 SG
47%
208 Bill Sharman 2374 1955 SG
47%
209 Bill Sharman 2367 1958 SG
47%
239 Bill Sharman 2224 1960 SG
47%
270 Bill Sharman 2026 1954 SG
47%
290 Bill Sharman 1932 1953 SG
47%
338 Bill Sharman 1720 1961 SG
47%
456 Bill Sharman 1226 1952 SG
47%
335 Glen Davis 1727 2011 C
47%
405 Glen Davis 1417 2009 C
47%
535 Glen Davis 982 2010 PF
47%
642 Glen Davis 715 2008 C
47%
302 Payton Pritchard 1902 2024 PG
47%
491 Payton Pritchard 1129 2022 PG
47%
527 Payton Pritchard 1007 2021 SG
47%
707 Payton Pritchard 562 2023 PG
47%
971 Payton Pritchard 147 2025 SG
47%
915 Frankie Sanders 227 1979 SF
44%
443 Gerald Green 1282 2007 SF
44%
706 Gerald Green 567 2017 SF
44%
889 Gerald Green 261 2006 SG
44%
830 Javonte Green 344 2020 SG
44%
932 Javonte Green 199 2021 SF
44%
254 Jeff Green 2142 2014 SF
44%
294 Jeff Green 1922 2013 PF
44%
583 Jeff Green 867 2015 SF
44%
735 Jeff Green 510 2011 SF
44%
872 Rickey Green 284 1992 PG
44%
219 Ricky Davis 2317 2005 SG
44%
384 Ricky Davis 1514 2006 SG
44%
385 Ricky Davis 1511 2004 SF
44%
259 Tom Sanders 2091 1962 SF
44%
261 Tom Sanders 2085 1965 PF
44%
281 Tom Sanders 1991 1966 PF
44%
285 Tom Sanders 1953 1964 PF
44%
307 Tom Sanders 1892 1963 SF
44%
312 Tom Sanders 1858 1969 SF
44%
355 Tom Sanders 1649 1968 SF
44%
380 Tom Sanders 1542 1967 SF
44%
471 Tom Sanders 1183 1972 SF
44%
479 Tom Sanders 1151 1970 SF
44%
519 Tom Sanders 1023 1961 SF
44%
880 Tom Sanders 276 1973 SF
44%
577 Gerald Wallace 883 2014 SF
42%
982 Gerald Wallace 134 2015 SF
42%
306 Gordon Hayward 1895 2019 PF
42%
315 Gordon Hayward 1852 2020 SF
42%
995 Kevin Pritchard 124 1992 PG
42%
365 Rasheed Wallace 1605 2010 C
42%
953 Red Wallace 171 1947
42%
268 Avery Bradley 2031 2017 SG
39%
314 Avery Bradley 1852 2016 SG
39%
331 Avery Bradley 1752 2015 SG
39%
421 Avery Bradley 1361 2014 SG
39%
549 Avery Bradley 945 2012 PG
39%
550 Avery Bradley 944 2013 PG
39%
811 Charles Bradley 377 1983 SG
39%
887 Charles Bradley 266 1982 SG
39%
217 Dominique Wilkins 2318 1995 SF
39%
141 Ed Macauley 2792 1953 C
39%
159 Ed Macauley 2641 1955 C
39%
166 Ed Macauley 2582 1951
39%
171 Ed Macauley 2545 1954 C
39%
206 Ed Macauley 2382 1952 C
39%
255 Ed Macauley 2140 1956 C
39%
223 Frank Ramsey 2299 1958 SG
36%
228 Frank Ramsey 2268 1960 SG
36%
231 Frank Ramsey 2255 1959 SG
36%
244 Frank Ramsey 2195 1961 SG
36%
282 Frank Ramsey 1988 1962 SG
36%
360 Frank Ramsey 1629 1955 SF
36%
391 Frank Ramsey 1484 1963 SG
36%
487 Frank Ramsey 1136 1964 SG
36%
558 Frank Ramsey 929 1957 SG
36%
216 Gary Payton 2319 2005 PG
36%
729 John Thompson 517 1965 PF
36%
467 Tristan Thompson 1189 2021 C
36%
86 Bailey Howell 3226 1968 PF
33%
122 Bailey Howell 2922 1969 PF
33%
150 Bailey Howell 2718 1967 PF
33%
321 Bailey Howell 1823 1970 PF
33%
337 Kelly Olynyk 1724 2017 C
33%
437 Kelly Olynyk 1311 2015 C
33%
446 Kelly Olynyk 1276 2016 C
33%
453 Kelly Olynyk 1252 2014 C
33%
207 Kenny Anderson 2378 2002 PG
33%
210 Kenny Anderson 2361 2000 PG
33%
554 Kenny Anderson 936 1999 PG
33%
679 Kenny Anderson 633 2001 PG
33%
773 Kenny Anderson 444 1998 PG
33%
246 Dino Radja 2189 1995 PF
31%
251 Dino Radja 2150 1994 PF
31%
311 Dino Radja 1860 1996 PF
31%
637 Dino Radja 727 1997 C
31%
272 Marcus Morris 2014 2019 PF
31%
364 Marcus Morris 1607 2018 PF
31%
413 Sam Hauser 1391 2024 SF
31%
544 Sam Hauser 966 2023 SF
31%
991 Sam Hauser 127 2022 SF
31%
245 Al Jefferson 2193 2007 C
28%
524 Al Jefferson 1016 2005 PF
28%
570 Al Jefferson 899 2006 PF
28%
296 Delonte West 1913 2006 PG
28%
329 Delonte West 1769 2007 SG
28%
777 Delonte West 435 2011 PG
28%
782 Delonte West 429 2005 SG
28%
230 Don Nelson 2257 1975 SF
28%
240 Don Nelson 2219 1972 PF
28%
250 Don Nelson 2156 1970 PF
28%
269 Don Nelson 2027 1974 SF
28%
273 Don Nelson 2012 1971 SF
28%
288 Don Nelson 1940 1969 SF
28%
303 Don Nelson 1900 1968 SF
28%
374 Don Nelson 1579 1966 SF
28%
386 Don Nelson 1507 1973 SF
28%
482 Don Nelson 1144 1967 SF
28%
501 Don Nelson 1090 1976 SF
28%
211 Gerald Henderson Sr. 2354 1984 PG
28%
322 Gerald Henderson Sr. 1819 1982 PG
28%
395 Gerald Henderson Sr. 1467 1981 PG
28%
402 Gerald Henderson Sr. 1447 1983 PG
28%
531 Gerald Henderson Sr. 990 1980 PG
28%
222 Jae Crowder 2301 2017 SF
28%
283 Jae Crowder 1976 2016 SF
28%
490 Jae Crowder 1130 2015 SF
28%
998 Jameer Nelson 119 2015 PG
28%
665 Bob McAdoo 664 1979 C
25%
299 Dana Barros 1903 1996 PG
25%
369 Dana Barros 1598 1998 PG
25%
515 Dana Barros 1042 1999 PG
25%
563 Dana Barros 917 2000 PG
25%
718 Dana Barros 542 1997 PG
25%
567 Luke Kornet 913 2024 C
25%
672 Luke Kornet 649 2023 C
25%
924 Luke Kornet 208 2021 C
25%
235 Malcolm Brogdon 2249 2023 PG
25%
113 Paul Silas 3006 1973 PF
25%
118 Paul Silas 2940 1976 PF
25%
144 Paul Silas 2765 1974 PF
25%
148 Paul Silas 2747 1975 PF
25%
792 Sam Cassell 411 2008 PG
25%
178 Terry Rozier 2500 2018 PG
25%
344 Terry Rozier 1703 2019 PG
25%
474 Terry Rozier 1175 2017 PG
25%
881 Terry Rozier 273 2016 PG
25%
347 Brandon Bass 1681 2012 PF
22%
351 Brandon Bass 1662 2014 PF
22%
370 Brandon Bass 1597 2015 PF
22%
387 Brandon Bass 1499 2013 PF
22%
104 Brian Shaw 3076 1991 PG
22%
237 Brian Shaw 2237 1989 SG
22%
772 Brian Shaw 444 1992 PG
22%
212 Chris Ford 2347 1979 SG
22%
297 Chris Ford 1910 1981 SG
22%
334 Chris Ford 1734 1980 SG
22%
539 Chris Ford 975 1982 SG
22%
449 Eddie House 1265 2009 PG
22%
455 Eddie House 1240 2008 PG
22%
710 Eddie House 558 2010 PG
22%
630 Josh Richardson 741 2022 SG
22%
639 Nate Robinson 720 2011 PG
22%
763 Nate Robinson 460 2010 PG
22%
399 Aron Baynes 1460 2018 C
19%
633 Aron Baynes 739 2019 C
19%
94 Charlie Scott 3134 1976 SG
19%
342 Charlie Scott 1713 1977 SG
19%
547 Charlie Scott 948 1978 SG
19%
465 Chauncey Billups 1191 1998 PG
19%
340 Daniel Theis 1720 2020 C
19%
599 Daniel Theis 822 2019 C
19%
600 Daniel Theis 819 2021 C
19%
607 Daniel Theis 795 2018 C
19%
749 Daniel Theis 484 2022 C
19%
220 Evan Turner 2308 2015 SG
19%
229 Evan Turner 2258 2016 SG
19%
944 James Young 183 2015 SG
19%
974 James Young 142 2017 SG
19%
264 Jared Sullinger 2076 2016 PF
19%
300 Jared Sullinger 1903 2014 PF
19%
356 Jared Sullinger 1647 2015 PF
19%
673 Jared Sullinger 648 2013 PF
19%
320 Jim Loscutoff 1825 1957 SF
19%
407 Jim Loscutoff 1406 1956 SF
19%
436 Jim Loscutoff 1314 1959 SF
19%
532 Jim Loscutoff 989 1962 SF
19%
624 Jim Loscutoff 756 1961 SF
19%
768 Jim Loscutoff 455 1963 SF
19%
850 Jim Loscutoff 317 1964 SF
19%
871 Jim Loscutoff 286 1960 SF
19%
434 Mike James 1324 2004 PG
19%
750 Pete Maravich 483 1980 SG
19%
394 Tony Battie 1472 2002 C
19%
447 Tony Battie 1275 2003 C
19%
464 Tony Battie 1194 2000 C
19%
589 Tony Battie 841 1999 C
19%
691 Tony Battie 612 2001 C
19%
845 Tony Battie 324 2004 C
19%
752 Brian Scalabrine 480 2007 PF
17%
762 Brian Scalabrine 461 2006 PF
17%
823 Brian Scalabrine 357 2009 C
17%
888 Brian Scalabrine 264 2008 PF
17%
941 Brian Scalabrine 193 2010 PF
17%
376 Chuck Cooper 1554 1951
17%
418 Chuck Cooper 1370 1952 SF
17%
454 Chuck Cooper 1248 1953 SF
17%
626 Chuck Cooper 749 1954 SF
17%
461 Courtney Lee 1210 2013 SG
17%
819 Courtney Lee 363 2014 SG
17%
755 David Lee 477 2016 PF
17%
379 James Posey 1543 2008 PF
17%
218 Kevin Gamble 2317 1991 SF
17%
247 Kevin Gamble 2186 1992 SF
17%
275 Kevin Gamble 2005 1993 SF
17%
410 Kevin Gamble 1400 1994 SF
17%
621 Kevin Gamble 759 1990 SF
17%
840 Kevin Gamble 328 1989 SF
17%
513 Leon Powe 1056 2009 PF
17%
561 Leon Powe 922 2008 C
17%
720 Leon Powe 535 2007 C
17%
821 Neemias Queta 358 2024 C
17%
185 Rick Fox 2479 1996 SF
17%
213 Rick Fox 2347 1997 SF
17%
324 Rick Fox 1809 1994 SF
17%
448 Rick Fox 1271 1992 SF
17%
540 Rick Fox 969 1993 SF
17%
542 Rick Fox 968 1995 SF
17%
767 Aaron Nesmith 456 2021 SF
14%
803 Aaron Nesmith 393 2022 SF
14%
758 Allan Ray 468 2007 SG
14%
902 Chris Carr 242 2001 SG
14%
564 Fred Roberts 915 1987 PF
14%
586 Fred Roberts 859 1988 PF
14%
652 Greg Monroe 695 2018 C
14%
485 Jordan Crawford 1141 2014 PG
14%
744 Jordan Crawford 493 2013 SG
14%
702 Marquis Daniels 577 2010 SF
14%
704 Marquis Daniels 573 2011 SF
14%
820 Marquis Daniels 360 2012 SG
14%
313 M.L. Carr 1856 1980 SF
14%
480 M.L. Carr 1148 1982 SF
14%
659 M.L. Carr 679 1983 SF
14%
666 M.L. Carr 662 1981 SF
14%
774 M.L. Carr 440 1984 SF
14%
873 M.L. Carr 282 1985 SF
14%
716 Rick Carlisle 549 1986 SG
14%
943 Rick Carlisle 188 1987 SG
14%
976 Rick Carlisle 141 1985 SG
14%
353 Tyler Zeller 1653 2015 C
14%
662 Tyler Zeller 671 2016 C
14%
751 Tyler Zeller 483 2017 C
14%
427 Adrian Griffin 1342 2000 SG
11%
892 Adrian Griffin 257 2001 SF
11%
756 Blake Griffin 472 2023 C
11%
795 Blue Edwards 408 1995 SF
11%
428 Bob Harris 1341 1952 PF
11%
435 Bob Harris 1322 1953 SF
11%
459 Bob Harris 1214 1954 SF
11%
688 Bob Harris 615 1951
11%
451 Brad Wanamaker 1258 2020 PG
11%
844 Brad Wanamaker 325 2019 PG
11%
864 Brandon Hunter 303 2004 PF
11%
910 Carsen Edwards 233 2020 SG
11%
940 Carsen Edwards 193 2021 SG
11%
279 Dave Bing 1997 1978 PG
11%
411 Em Bryant 1397 1969 PG
11%
441 Em Bryant 1286 1970 PG
11%
473 Enes Freedom 1182 2020 C
11%
846 Enes Freedom 323 2022 C
11%
945 Jabari Parker 181 2021 PF
11%
378 Jason Terry 1546 2013 SG
11%
757 Jeff Teague 469 2021 PG
11%
457 Jerry Sichting 1225 1986 PG
11%
492 Jerry Sichting 1128 1987 PG
11%
897 Jerry Sichting 253 1988 PG
11%
569 Jim Barnes 905 1970 C
11%
742 Jim Barnes 497 1969 C
11%
562 Jonas Jerebko 918 2016 PF
11%
587 Jonas Jerebko 859 2017 PF
11%
761 Jonas Jerebko 463 2015 PF
11%
460 Kris Humphries 1214 2014 PF
11%
309 Mark Blount 1875 2004 C
11%
381 Mark Blount 1539 2005 C
11%
591 Mark Blount 830 2006 C
11%
669 Mark Blount 658 2001 C
11%
789 Mark Blount 414 2003 C
11%
896 Mark Blount 253 2002 C
11%
663 Marvin Barnes 669 1979 PF
11%
339 Paul Westphal 1720 1975 SG
11%
425 Paul Westphal 1342 1974 SG
11%
728 Paul Westphal 518 1973 SG
11%
580 Phil Pressey 873 2014 PG
11%
723 Phil Pressey 529 2015 PG
11%
935 R.J. Hunter 196 2016 SG
11%
153 Sherman Douglas 2699 1994 PG
11%
234 Sherman Douglas 2249 1995 PG
11%
276 Sherman Douglas 2005 1993 PG
11%
647 Sherman Douglas 707 1992 PG
11%
929 Sherman Douglas 201 1996 PG
11%
568 Wally Szczerbiak 909 2006 SF
11%
646 Wally Szczerbiak 708 2007 SF
11%
912 Xavier Tillman Sr. 230 2024 PF
11%
685 Calbert Cheaney 623 2000 SG
8%
628 Connie Simmons 744 1947
8%
874 Connie Simmons 282 1948
8%
146 David Wesley 2753 1997 PG
8%
249 David Wesley 2164 1996 PG
8%
494 David Wesley 1118 1995 PG
8%
433 Dennis Schroder 1330 2022 PG
8%
258 Don Chaney 2109 1973 SG
8%
262 Don Chaney 2081 1974 SG
8%
293 Don Chaney 1922 1972 SG
8%
295 Don Chaney 1920 1975 SG
8%
310 Don Chaney 1863 1971 SG
8%
622 Don Chaney 758 1979 SG
8%
693 Don Chaney 608 1970 SG
8%
759 Don Chaney 464 1978 SG
8%
822 Don Chaney 358 1980 SG
8%
952 Don Chaney 173 1969 SG
8%
488 Ed Sadowski 1131 1948
8%
432 Erick Strickland 1332 2002 PG
8%
903 E'Twaun Moore 240 2012 PG
8%
724 Evan Fournier 527 2021 SF
8%
905 Gabe Pruitt 237 2009 SG
8%
692 Greg Stiemsma 610 2012 C
8%
812 Johnny Simmons 376 1947
8%
800 Leandro Barbosa 400 2013 PG
8%
842 Mikki Moore 326 2009 C
8%
596 Rodney Rogers 824 2002 SF
8%
806 Romeo Langford 386 2022 SG
8%
934 Romeo Langford 196 2021 SG
8%
948 Romeo Langford 180 2020 SG
8%
727 Semi Ojeleye 519 2020 PF
8%
737 Semi Ojeleye 501 2021 PF
8%
745 Semi Ojeleye 488 2018 PF
8%
827 Semi Ojeleye 351 2019 PF
8%
990 Tacko Fall 127 2021 C
8%
969 Tayshaun Prince 149 2015 SF
8%
717 Chris Wilcox 545 2013 C
6%
849 Chris Wilcox 318 2012 C
6%
318 Curtis Rowe 1831 1977 PF
6%
620 Curtis Rowe 762 1979 PF
6%
682 Curtis Rowe 627 1978 PF
6%
740 Greg Kite 498 1987 C
6%
843 Greg Kite 325 1986 C
6%
891 Greg Kite 258 1985 C
6%
955 Greg Kite 170 1984 C
6%
426 Greg Minor 1342 1996 SG
6%
634 Greg Minor 735 1998 SG
6%
643 Greg Minor 712 1995 SG
6%
766 Greg Minor 457 1999 SG
6%
807 Greg Minor 385 1997 SF
6%
927 Guerschon Yabusele 205 2019 PF
6%
937 Guerschon Yabusele 195 2018 PF
6%
1002 Jason Collins 117 2013 C
6%
604 Jerryd Bayless 802 2014 PG
6%
992 Justin Reed 127 2006 SF
6%
188 Larry Siegfried 2471 1969 PG
6%
278 Larry Siegfried 1997 1967 PG
6%
287 Larry Siegfried 1946 1968 PG
6%
316 Larry Siegfried 1846 1966 PG
6%
326 Larry Siegfried 1794 1970 PG
6%
537 Larry Siegfried 978 1965 SG
6%
900 Larry Siegfried 245 1964 SG
6%
908 Michael Finley 234 2010 SF
6%
678 Mickael Pietrus 633 2012 SG
6%
629 Orien Greene 744 2006 PG
6%
734 Oshae Brissett 511 2024 SF
6%
317 Rick Robey 1841 1980 C
6%
362 Rick Robey 1616 1981 C
6%
520 Rick Robey 1023 1982 C
6%
573 Rick Robey 891 1979 C
6%
681 Rick Robey 627 1983 C
6%
764 Sam Vincent 459 1987 PG
6%
779 Sam Vincent 432 1986 SG
6%
877 Sasha Pavlovic 279 2012 SF
6%
463 Scott Wedman 1199 1985 SF
6%
481 Scott Wedman 1147 1986 SF
6%
601 Scott Wedman 810 1984 SF
6%
788 Scott Wedman 415 1983 SF
6%
506 Sebastian Telfair 1077 2007 PG
6%
839 Semih Erden 329 2011 C
6%
674 Shane Larkin 647 2018 PG
6%
142 Sidney Wicks 2774 1977 PF
6%
241 Sidney Wicks 2211 1978 PF
6%
802 Stephon Marbury 395 2009 PG
6%
400 Steve Kuberski 1453 1971 PF
6%
512 Steve Kuberski 1059 1972 PF
6%
588 Steve Kuberski 851 1976 C
6%
616 Steve Kuberski 768 1974 PF
6%
668 Steve Kuberski 659 1973 SF
6%
676 Steve Kuberski 639 1970 PF
6%
684 Steve Kuberski 624 1977 SF
6%
377 Tony Delk 1553 2003 PG
6%
733 Tony Delk 516 2002 SG
6%
885 Tremont Waters 269 2021 PG
6%
611 Vin Baker 781 2004 PF
6%
700 Vin Baker 578 2003 C
6%
841 Von Wafer 327 2011 SG
6%
256 Xavier McDaniel 2139 1993 PF
6%
349 Xavier McDaniel 1667 1994 SF
6%
472 Xavier McDaniel 1182 1995 SF
6%
851 Abdel Nader 317 2018 SF
3%
797 Artis Gilmore 405 1988 C
3%
571 Billy Knight 895 1979 SF
3%
689 Brad Lohaus 615 1988 PF
3%
714 Brad Lohaus 556 1989 PF
3%
609 Bruce Bowen 792 1998 SF
3%
925 Bruce Bowen 208 1999 SF
3%
798 Carl Braun 404 1962 PG
3%
805 Carlos Clark 388 1985 SG
3%
986 Carlos Clark 129 1984 SG
3%
979 Dalano Banton 137 2024 PG
3%
835 Dermie O'Connell 334 1949
3%
862 Dermie O'Connell 305 1950
3%
357 Ed Pinckney 1642 1992 PF
3%
499 Ed Pinckney 1098 1994 PF
3%
530 Ed Pinckney 1002 1991 PF
3%
595 Ed Pinckney 824 1990 PF
3%
696 Ed Pinckney 598 1989 PF
3%
382 Eric Montross 1531 1995 C
3%
559 Eric Montross 928 1996 C
3%
848 Gene Guarilia 321 1962 SF
3%
860 Gene Guarilia 305 1960 SF
3%
960 Gene Guarilia 160 1961 SF
3%
970 Gigi Datome 148 2015 SF
3%
605 Jim Ard 801 1976 C
3%
654 Jim Ard 689 1977 C
3%
712 Jim Ard 557 1975 C
3%
575 Jim Paxson 887 1990 PG
3%
592 Jim Paxson 826 1989 PG
3%
747 Jim Paxson 485 1988 SG
3%
552 Kevin Stacom 941 1976 SG
3%
593 Kevin Stacom 825 1978 SG
3%
615 Kevin Stacom 774 1977 SG
3%
832 Kevin Stacom 342 1975 SG
3%
916 Kevin Stacom 226 1979 SG
3%
770 Keyon Dooling 446 2012 SG
3%
968 Luke Harangody 149 2011 PF
3%
732 Marcus Thornton 517 2015 SG
3%
470 Mel Counts 1183 1966 C
3%
699 Mel Counts 583 1965 C
3%
894 Michael Hawkins 256 1997 PG
3%
794 Nenad Krstic 410 2011 C
3%
505 Pervis Ellison 1078 1996 C
3%
578 Pervis Ellison 880 1995 C
3%
847 Pervis Ellison 322 1998 PF
3%
958 Pervis Ellison 164 2000 C
3%
396 Quinn Buckner 1467 1983 SG
3%
478 Quinn Buckner 1156 1984 PG
3%
651 Quinn Buckner 696 1985 PG
3%
308 Raef LaFrentz 1890 2005 PF
3%
417 Raef LaFrentz 1376 2006 PF
3%
876 Raef LaFrentz 280 2004 C
3%
280 Ron Mercer 1995 1998 SG
3%
486 Ron Mercer 1140 1999 SG
3%
372 Ryan Gomes 1587 2007 PF
3%
566 Ryan Gomes 915 2006 PF
3%
961 Ryan Hollins 157 2012 C
3%
856 Svi Mykhailiuk 311 2024 SF
3%
305 Todd Day 1898 1997 SG
3%
416 Todd Day 1380 1996 SG
3%
466 Travis Knight 1191 1998 C
3%
818 Vitor Luiz Faverani 365 2014 C
3%
352 Walter McCarty 1660 1998 SF
3%
439 Walter McCarty 1303 2003 SF
3%
452 Walter McCarty 1255 2004 PF
3%
719 Walter McCarty 537 2002 PF
3%
725 Walter McCarty 526 2000 PF
3%
790 Walter McCarty 413 1999 PF
3%
853 Walter McCarty 315 2005 PF
3%
857 Walter McCarty 311 2001 PF
3%
408 Willie Naulls 1404 1964 SF
3%
415 Willie Naulls 1384 1965 SF
3%
445 Willie Naulls 1276 1966 SF
3%
623 Acie Earl 758 1994 C
0%
981 Acie Earl 134 1995 C
0%
560 Alaa Abdelnaby 927 1993 PF
0%
996 Alaa Abdelnaby 121 1994 PF
0%
656 Al Brightman 687 1947
0%
765 Alton Lister 459 1996 C
0%
865 Alton Lister 303 1997 C
0%
504 Andrew DeClercq 1083 1998 C
0%
949 Andrew DeClercq 180 1999 C
0%
572 Andy Phillip 891 1957 PG
0%
658 Andy Phillip 681 1958 PG
0%
419 Arnie Risen 1362 1956 C
0%
541 Arnie Risen 968 1958 C
0%
576 Arnie Risen 885 1957 C
0%
753 Art Spector 478 1949
0%
785 Art Spector 421 1947
0%
907 Art Spector 234 1948
0%
988 Ben Clyde 128 1975 SF
0%
694 Bennie Swain 606 1959 PF
0%
703 Bill Dinwiddie 577 1971 PF
0%
414 Bob Brannum 1389 1953 PF
0%
423 Bob Brannum 1356 1955 PF
0%
440 Bob Brannum 1299 1954 PF
0%
533 Bob Brannum 988 1952 PF
0%
695 Bob Doll 604 1949
0%
722 Bob Doll 531 1950
0%
406 Bob Donham 1411 1952 SG
0%
503 Bob Donham 1083 1954 SG
0%
507 Bob Donham 1076 1953 SG
0%
545 Bob Donham 954 1951 SG
0%
582 Bob Kinney 867 1950
0%
893 Bob Kinney 256 1949
0%
627 Bones McKinney 748 1952 SF
0%
683 Bones McKinney 624 1951 SF
0%
799 Brett Szabo 400 1997 C
0%
392 Bryant Stith 1483 2001 SG
0%
612 Bulbs Ehlers 780 1949
0%
813 Bulbs Ehlers 374 1948
0%
890 Charlie Hoefer 259 1947
0%
780 Chick Halbert 432 1949
0%
824 Chris Corchiani 357 1994 PG
0%
914 Chris Herren 230 2001 PG
0%
632 Chris Mihm 740 2004 C
0%
859 Chuck Connors 307 1947
0%
641 Chucky Atkins 718 2004 PG
0%
987 Clarence Glover 128 1972 PF
0%
671 Clyde Lovellette 651 1963 C
0%
736 Clyde Lovellette 506 1964 C
0%
923 Conner Henry 214 1987 SG
0%
956 Dan Dickau 170 2006 PG
0%
581 Danny Fortson 868 2000 PF
0%
861 Dan Swartz 305 1963 SF
0%
635 Darren Daye 728 1987 SF
0%
721 Darren Daye 534 1988 SF
0%
858 David Thirdkill 310 1986 PF
0%
972 Dennis Awtrey 146 1979 C
0%
534 Derek Strong 986 1995 PF
0%
838 Dick Dickey 329 1952 PG
0%
511 Dick Hemric 1061 1956 PF
0%
619 Dick Hemric 765 1957 PF
0%
631 Dirk Minniefield 740 1988 PG
0%
350 Don Barksdale 1666 1955 SF
0%
495 Don Barksdale 1111 1954 PF
0%
866 Doug Overton 301 2000 PG
0%
590 Ed Leede 831 1950
0%
653 Ed Leede 693 1951
0%
816 Eric Fernsten 370 1980 PF
0%
930 Eric Fernsten 200 1981 C
0%
984 Eric Fernsten 133 1982 C
0%
904 Eric Riley 238 1999 C
0%
493 Ernie Barrett 1124 1956 SG
0%
817 Ernie Barrett 366 1954 SG
0%
878 Ernie DiGregorio 278 1978 PG
0%
965 Frank Brickowski 154 1997 PF
0%
898 Frank Kudelka 250 1951
0%
579 Fred Saunders 878 1977 SF
0%
973 Fred Saunders 144 1978 SF
0%
754 Fred Scolari 477 1955 PG
0%
726 Gary Phillips 520 1962 PG
0%
430 Gene Conley 1338 1960 PF
0%
476 Gene Conley 1166 1961 PF
0%
664 Gene Conley 666 1959 PF
0%
868 Gene Conley 297 1953 PF
0%
913 Gene Englund 230 1950
0%
698 Gene Stump 590 1949
0%
946 Gene Stump 180 1948
0%
597 George Kaftan 824 1950 SF
0%
783 George Kaftan 426 1949 SF
0%
833 George Nostrand 341 1949
0%
975 George Nostrand 142 1950
0%
610 Glenn McDonald 790 1976 SF
0%
854 Glenn McDonald 313 1975 SF
0%
917 Grant Long 224 2003 PF
0%
371 Hank Finkel 1595 1970 C
0%
521 Hank Finkel 1022 1971 C
0%
661 Hank Finkel 672 1972 C
0%
791 Hank Finkel 411 1973 C
0%
808 Hank Finkel 381 1974 C
0%
834 Hank Finkel 336 1975 C
0%
931 Harold Kottman 199 1947
0%
787 Harry Boykoff 416 1951
0%
555 Howie Shannon 935 1950
0%
786 Jack Garfinkel 417 1948
0%
869 Jack Garfinkel 295 1947
0%
301 Jack Nichols 1902 1956 PF
0%
361 Jack Nichols 1625 1955 PF
0%
497 Jack Nichols 1108 1957 PF
0%
516 Jack Nichols 1036 1954 PF
0%
551 Jack Nichols 941 1958 PF
0%
442 Jeff Judkins 1283 1979 SF
0%
709 Jeff Judkins 559 1980 SF
0%
867 Jerry Kelly 298 1947
0%
825 Jim Barnett 353 1967 SG
0%
829 Jimmy Oliver 345 1994 SG
0%
565 Jim Seminoff 915 1949
0%
602 Jim Seminoff 810 1950
0%
373 Jiri Welsch 1580 2004 SG
0%
618 Jiri Welsch 766 2005 SG
0%
538 Joe Kleine 978 1990 C
0%
617 Joe Kleine 768 1992 C
0%
636 Joe Kleine 727 1993 C
0%
697 Joe Kleine 594 1991 C
0%
778 Joe Kleine 433 1989 C
0%
983 Joe Mullaney 134 1950
0%
271 John Bagley 2024 1992 PG
0%
523 John Bagley 1017 1990 PG
0%
708 John Mahnken 559 1953 C
0%
713 John Mahnken 557 1951 C
0%
760 John Mahnken 463 1952 C
0%
938 John Mahnken 195 1950 C
0%
957 Johnny Bach 169 1949
0%
901 Johnny Ezersky 243 1949
0%
967 Johnny Ezersky 151 1950
0%
993 Johnny McCarthy 125 1964 PG
0%
640 John Richter 719 1960 C
0%
489 J.R. Bremer 1131 2003 PG
0%
826 Junior Burrough 353 1996 PF
0%
776 Kelvin Upshaw 437 1989 SG
0%
879 Kenny Rollins 277 1953 PG
0%
584 Kermit Washington 863 1978 PF
0%
852 Kleggie Hermsen 316 1951
0%
422 Lou Tsioropoulos 1357 1958 SF
0%
738 Lou Tsioropoulos 500 1957 SF
0%
870 Lou Tsioropoulos 295 1959 SF
0%
730 Mal Graham 517 1968 PG
0%
498 Marcus Banks 1108 2004 PG
0%
548 Marcus Banks 945 2005 PG
0%
942 Marcus Banks 189 2006 PG
0%
614 Mark Acres 776 1988 C
0%
828 Mark Acres 347 1989 C
0%
475 Marty Conlon 1169 1997 C
0%
686 Mel Riebe 619 1948
0%
715 Mel Riebe 552 1949
0%
997 Michael Olowokandi 119 2007 C
0%
933 Mike Bloom 197 1948
0%
909 Mike Muscala 234 2023 C
0%
608 Milt Palacio 794 2001 PG
0%
836 Milt Palacio 334 2002 PG
0%
1000 Norm Cook 117 1977 SF
0%
947 Phil Hankinson 180 1974 SF
0%
546 Red Morrison 950 1955 C
0%
655 Red Morrison 688 1956 C
0%
919 Rex Morgan 222 1971 SG
0%
989 Rex Morgan 127 1972 SG
0%
796 Ron Bonham 405 1965 SF
0%
875 Ron Bonham 281 1966 SG
0%
814 Ron Grandison 374 1989 PF
0%
748 Saul Mariaschin 484 1948
0%
959 Shavlik Randolph 163 2013 PF
0%
409 Sonny Hertzberg 1401 1951
0%
500 Sonny Hertzberg 1093 1950
0%
994 Stan Noszka 125 1949
0%
980 Steve Downing 134 1974 C
0%
963 Steve Hamer 156 1997 C
0%
966 Stojko Vrankovic 151 1991 C
0%
882 Toby Kimball 272 1967 PF
0%
675 Togo Palazzi 645 1956 SF
0%
739 Togo Palazzi 498 1955 SG
0%
936 Togo Palazzi 196 1957 SF
0%
525 Tom Boswell 1012 1977 PF
0%
557 Tom Boswell 932 1978 PF
0%
926 Tom Boswell 205 1976 PF
0%
886 Tom Kelly 267 1949
0%
687 Tom Thacker 619 1968 SG
0%
705 Tony Lavelli 572 1950
0%
667 Tyus Edney 662 1998 PG
0%
403 Vitaly Potapenko 1446 2000 C
0%
438 Vitaly Potapenko 1309 2001 C
0%
594 Vitaly Potapenko 825 2002 C
0%
625 Vitaly Potapenko 756 1999 C
0%
1001 Warren Fenley 117 1947
0%
517 Wayne Embry 1036 1968 C
0%
606 Wayne Embry 799 1967 C
0%
831 Woody Sauldsberry 343 1966 PF
0%
771 Wyndol Gray 444 1947
0%
962 Zan Tabak 157 1998 C
0%
No matching quizzes found
Score Distribution
Percent of People with Each Score
Percentile by Number Answered
Your Score History
You have not taken this quiz